000 00805nam a2200265Ia 4500
001 Para_7048
003 CHAP
008 220125s1974 xx 000 0 und d
010 _a205875
040 _cCHAP
090 _aPA FOLLETO 909
100 _aHerrera, Teodoro
_954977
245 _aViruela del algodonero (Puccinia cacabata), Arth and Holw. (P. stakmanii, Presley) /
_c Teodoro Herrera
260 _aTorreón, Coah. :
_b INIA. CIANE
300 _a1 hoja desplegable
650 _aPuccinia cacabata
_992820
700 _aInstituto Nacional de Investigaciones Agrícolas (México). CIANE
_9171999
901 _aPA FOLLETO 909
902 _aA
905 _a0000001974 0000000000 00
910 _a1974
942 _cPARA
942 _cPARA
_d1
999 _c205875
_d205875